000 00404nam a22001577a 4500
003 macl
005 20241025110506.0
008 241024b |||||||| |||| 00| 0 eng d
040 _cmacl
082 _a920/FRA
100 _aFranklin,Benjamin
_982967
245 _aThe Autobiography of Benjamin Franklin
260 _aMumbai
_bJaico Publishing House
_c 2024
650 _aAutobiography
942 _2ddc
_cBK
999 _c67718
_d67718